|
|
|
|
| LEADER |
00974nam a22002537a 4500 |
| 001 |
4649 |
| 003 |
BD-DhAAL |
| 005 |
20141217105124.0 |
| 008 |
141217s1989 bg a|||| b||| 00| 0 eng d |
| 040 |
|
|
|a BD-DhAAL
|c BD-DhAAL
|
| 082 |
|
|
|2 22
|a 635.10913
|
| 245 |
|
|
|a Root crop processing
|
| 260 |
|
|
|a New York :
|b The United Nations Development Fund for Women (UNIFEM),
|c 1989
|
| 300 |
|
|
|a 74 p. :
|c 24 cm.
|
| 490 |
|
|
|a Food Cycle Technology Source Book No. 5
|
| 504 |
|
|
|a Includes bibliographical references (p. 66-71)
|
| 541 |
|
|
|e 4649
|
| 650 |
|
|
|a Root crops
|x Processing
|9 6832
|
| 710 |
|
|
|a The United Nations Development Fund for Women (UNIFEM)
|9 6833
|
| 710 |
|
|
|a Intermediate Technology Development Group
|9 6834
|
| 852 |
|
|
|a Ayesha Abed Libray
|
| 942 |
|
|
|2 ddc
|c BK
|
| 999 |
|
|
|c 33306
|d 33306
|
| 952 |
|
|
|0 0
|1 0
|2 ddc
|4 0
|6 635_109130000000000_ROO
|7 0
|9 44482
|a BRACUL
|b BRACUL
|c GEN
|d 2014-12-17
|g 0.00
|l 0
|o 635.10913 ROO
|p 3010004649
|r 2014-12-17
|t 1
|w 2014-12-17
|y BK
|z Not price in Register
|